Normal view
MARC view
- Supervisor Lt Col Dr Atif Qayyum
Entry Corporate Name
001 - CONTROL NUMBER
- control field: 111779
003 - CONTROL NUMBER IDENTIFIER
- control field: NUST
005 - DATE AND TIME OF LATEST TRANSACTION
- control field: 20230411101309.0
008 - FIXED-LENGTH DATA ELEMENTS
- fixed length control field: 230411|| aca||aabn | a|a d
040 ## - CATALOGING SOURCE
- Original cataloging agency: NUST
- Transcribing agency: NUST
110 ## - HEADING--CORPORATE NAME
- Corporate name or jurisdiction name as entry element: Supervisor Lt Col Dr Atif Qayyum
670 ## - SOURCE DATA FOUND
- Source citation: Work cat.: (NUST): Adnan Zia 111778, TH-SOF-2146-Non-Rigid Image Based Object Tracking Using Rules Based Approach, 2023.
